| 000 | 00734nam a2200241Ia 4500 | ||
|---|---|---|---|
| 003 | OSt | ||
| 005 | 20260105090835.0 | ||
| 008 | 210716s2000 xx 000 0 und d | ||
| 020 | _a8176354678 | ||
| 040 | _cAIMIT LIBRARY | ||
| 041 | _aeng | ||
| 082 |
_a006.37 _21 _bWILM |
||
| 100 |
_aWilliams, Mickey. _9250036 |
||
| 245 |
_aVisual c++ 6: unleashed : _bunleashed / _cBy Mickey Williams and David Bennett. |
||
| 250 | _a1st ed. | ||
| 260 |
_aNew Delhi : _bTechmedia , _c2000. |
||
| 300 |
_axxx,1101p. ; _bPB. _c24 cm. |
||
| 650 |
_aMFC programming _9250037 |
||
| 650 |
_aAdvanced programming topics _9250038 |
||
| 650 |
_aDatabase programming _9250039 |
||
| 700 |
_aBennett, David. _9250040 |
||
| 942 |
_2ddc _cBK _e1st _k006.37 WILM |
||
| 999 |
_c184958 _d184958 |
||